Same city name, different state, which is bigger? - Statistics

General Stats
  • This quiz has been taken 21 times
  • The average score is 10 of 15
Answer Stats
Question Answer % Correct
Rochester New York
95%
Alexandria Virginia
95%
Albany New York
90%
Bellevue Washington
86%
Glendale Arizona
76%
Lakewood Colorado
71%
Wilmington North Carolina
71%
Smyrna Georgia
62%
Troy Michigan
62%
Brentwood California
57%
Springfield MIssouri
57%
Lockport Illinois
38%
Pasadena Texas
38%
Union City California
33%
Mansfield Texas
24%
No matching quizzes found
Score Distribution
Percent of People with Each Score
Percentile by Number Answered
Your Score History
You have not taken this quiz